Important Philosophers in Political Philosophy - Statistics

General Stats
  • This quiz has been taken 43 times
  • The average score is 11 of 20
Answer Stats
Picture Hint Answer % Correct
Communist Manifesto Karl Marx
100%
the Republic Plato
98%
Zoön politikon Aristotle
90%
liberalism and law of nature John Locke
88%
the Prince Niccolò Machiavelli
88%
volonté générale Jean-Jacques Rousseau
79%
Leviathan Thomas Hobbes
76%
the invisible hand Adam Smith
67%
panopticism: power-knowledge Michel Foucault
55%
totalitarianism Hannah Arendt
50%
the veil of ignorance John Rawls
45%
communicative action, deliberative democracy Jürgen Habermas
40%
conservatism Edmund Burke
38%
cultural hegemony Antonio Gramsci
36%
trias politica Montesquieu
36%
libertarianism; Anarchy, State, and Utopia Robert Nozick
36%
tyranny of the majority Alexis de Tocqueville
31%
political theology, friend-enemy distinction Carl Schmitt
21%
agonistic pluralism Chantal Mouffe
2%
the empty place of power Claude Lefort
2%
No matching quizzes found
Score Distribution
Percent of People with Each Score
Percentile by Number Answered
Your Score History
You have not taken this quiz